[Event "Bad Woerishofen op 30th"]
[Site "Bad Woerishofen"]
[Date "2014.03.23"]
[Round "8"]
[White "Maier, Marius"]
[Black "Estremera Panos, Sergio"]
[Result "1/2-1/2"]
[WhiteElo "1949"]
[BlackElo "2353"]
[PlyCount "49"]
[EventDate "2014.03.21"]
[EventType "swiss"]
[EventRounds "9"]
[EventCountry "GER"]
[SourceTitle "CBM 159 Extra"]
[Source "ChessBase"]
[SourceDate "2014.04.24"]
[SourceVersion "1"]
[SourceVersionDate "2014.04.24"]
[SourceQuality "1"]

1. d4 Nf6 2. c4 e6 3. Nc3 Bb4 4. Qc2 0-0 5. a3 Bxc3+ 6. Qxc3 d5 7. e3 Ne4 8. Qc2 c5 9. dxc5 Nc6 10. cxd5 exd5 11. f3 Qh4+ 12. g3 Nxg3 13. Qf2 Nf5 14. Qxh4 Nxh4 15. Kf2 Bf5 16. Bd2 Bg6 17. Bc3 Rfe8 18. Bb5 Nf5 19. Bxc6 bxc6 20. Re1 Re7 21. Nh3 Rae8 22. Bd4 Bh5 23. Nf4 Nxd4 24. Nxh5 Nf5 25. Rhg1 1/2-1/2

[Event "Baden-ch"]
[Site "Emmendingen"]
[Date "2012.06.09"]
[Round "8"]
[White "Maier, Marius"]
[Black "Cofman, Veaceslav"]
[Result "0-1"]
[WhiteElo "1839"]
[BlackElo "2042"]
[PlyCount "84"]
[EventDate "2012.06.04"]
[EventType "swiss"]
[EventRounds "9"]
[EventCountry "GER"]
[SourceTitle "CBM 148 Extra"]
[Source "ChessBase"]
[SourceDate "2012.06.22"]
[SourceVersion "1"]
[SourceVersionDate "2012.06.22"]
[SourceQuality "1"]

1. d4 Nf6 2. Nf3 d6 3. c4 g6 4. Nc3 Bg7 5. e4 0-0 6. Be2 e5 7. Be3 exd4 8. Nxd4 Re8 9. f3 Nbd7 10. g4 Nc5 11. g5 Nh5 12. Qd2 f5 13. gxf6 Bxf6 14. 0-0-0 Ne6 15. Nc2 Nef4 16. Rhg1 Be5 17. Nd5 Rf8 18. c5 Be6 19. Bc4 Nxd5 20. Bxd5 Bxd5 21. Qxd5+ Kh8 22. Bg5 Qe8 23. cxd6 cxd6 24. Nd4 Qf7 25. Kb1 Qxd5 26. exd5 Bxh2 27. Rge1 Be5 28. Ne6 Rf5 29. Rc1 Bf6 30. Bh6 Re8 31. Re4 Kg8 32. Rec4 Kf7 33. Rc8 Rxc8 34. Rxc8 Rxd5 35. Nc7 Rc5 36. b4 Rc4 37. Rf8+ Ke7 38. Nd5+ Ke6 39. Nxf6 Rxb4+ 40. Kc2 Nxf6 41. Bd2 Rc4+ 42. Kb3 Rc7 0-1

[Event "Baden-ch U18/20"]
[Site "Schoeneck"]
[Date "2009.01.03"]
[Round "4"]
[White "Maier, Marius"]
[Black "Jakobsche, Thomas"]
[Result "1-0"]
[WhiteElo "1797"]
[BlackElo "1799"]
[PlyCount "107"]
[EventDate "2009.01.02"]
[EventType "swiss"]
[EventRounds "7"]
[EventCountry "GER"]
[SourceTitle "EXT 2010"]
[Source "ChessBase"]
[SourceDate "2010.11.25"]
[SourceVersion "1"]
[SourceVersionDate "2010.11.25"]
[SourceQuality "1"]

1. e4 Nf6 2. e5 Nd5 3. Bc4 Nb6 4. Bb3 g6 5. Qf3 e6 6. d4 Bg7 7. h4 h6 8. Nc3 d5 9. Be3 a6 10. Nge2 c5 11. dxc5 N6d7 12. Bd4 Qc7 13. Qe3 Nc6 14. f4 Nxd4 15. Nxd4 Nxc5 16. 0-0-0 Bd7 17. g4 g5 18. hxg5 hxg5 19. Rxh8+ Bxh8 20. Nf3 gxf4 21. Qxf4 f6 22. Qh6 0-0-0 23. exf6 Qg3 24. Nd2 Qxg4 25. Rh1 d4 26. Nd1 Bc6 27. Rh4 Nxb3+ 28. axb3 Qf5 29. Rf4 Qa5 30. Nf2 Bb5 31. Rh4 d3 32. cxd3 Kb8 33. Qf4+ Ka8 34. Rh6 Rc8+ 35. Nc4 Bxc4 36. bxc4 Rf8 37. Qd6 Qa1+ 38. Kc2 Qa4+ 39. Kb1 Rg8 40. Rxh8 Rxh8 41. f7 Qa5 42. f8Q+ Rxf8 43. Qxf8+ Ka7 44. Ne4 Qe1+ 45. Ka2 Qd1 46. Qc5+ Kb8 47. Qd6+ Ka7 48. Nc3 Qe1 49. c5 Qh4 50. Qc7 Qb4 51. c6 a5 52. Qxb7+ Qxb7 53. cxb7 Kxb7 54. d4 1-0

[Event "Baden-ch U18"]
[Site "Karlsruhe"]
[Date "2008.01.04"]
[Round "5"]
[White "Teichmann, Alexander"]
[Black "Maier, Marius"]
[Result "0-1"]
[WhiteElo "1820"]
[BlackElo "1854"]
[PlyCount "58"]
[EventDate "2008.01.02"]
[EventType "swiss"]
[EventRounds "7"]
[EventCountry "GER"]
[SourceTitle "EXT 2009"]
[Source "ChessBase"]
[SourceDate "2008.11.26"]
[SourceVersion "1"]
[SourceVersionDate "2008.11.26"]
[SourceQuality "1"]

1. e4 c6 2. d4 d5 3. Nc3 dxe4 4. Nxe4 Nf6 5. Ng5 e6 6. Bc4 h6 7. N5f3 Bd6 8. Ne2 Qc7 9. g3 Nbd7 10. Bb3 b6 11. c4 Bb7 12. Nc3 a6 13. Qd3 0-0 14. 0-0 Rad8 15. Be3 e5 16. d5 Rfe8 17. Nd2 cxd5 18. cxd5 Nc5 19. Bxc5 Bxc5 20. Nde4 Nxe4 21. Qxe4 b5 22. Rac1 Qb6 23. Bc2 g6 24. Bb3 a5 25. Qf3 Bd4 26. Rb1 e4 27. Nxe4 a4 28. Bc2 Bxd5 29. g4 Qc6 0-1

[Event "Baden-ch U18"]
[Site "Karlsruhe"]
[Date "2008.01.03"]
[Round "2"]
[White "Maier, Marius"]
[Black "Koenig, Torsten"]
[Result "1-0"]
[WhiteElo "1854"]
[BlackElo "1687"]
[PlyCount "47"]
[EventDate "2008.01.02"]
[EventType "swiss"]
[EventRounds "7"]
[EventCountry "GER"]
[SourceTitle "EXT 2009"]
[Source "ChessBase"]
[SourceDate "2008.11.26"]
[SourceVersion "1"]
[SourceVersionDate "2008.11.26"]
[SourceQuality "1"]

1. d4 d5 2. Nf3 e6 3. e3 c5 4. c3 Nf6 5. Nbd2 Nc6 6. Bd3 Bd6 7. 0-0 0-0 8. Re1 Qc7 9. e4 dxe4 10. Nxe4 Nxe4 11. Bxe4 Bd7 12. dxc5 Bxc5 13. Bxh7+ Kh8 14. Bc2 Rad8 15. Ne5 g6 16. Bf4 Kg7 17. Qg4 Qb6 18. Nxg6 Bxf2+ 19. Kh1 f5 20. Qg5 Kf7 21. Nxf8 Rxf8 22. Rad1 Ke8 23. Qg6+ Kd8 24. Qxe6 1-0